| 000 | 00457cam a2200193ua 4500 | ||
|---|---|---|---|
| 020 | _c2.00 | ||
| 041 |
_amal _h |
||
| 082 |
_a894.81209 _bKUT/KA |
||
| 100 | _aKuttikrishna, Marar . | ||
| 245 |
_aKaivilakku / _cKuttikrishna marar. _hTextual Documents |
||
| 250 |
_a1 / _b. |
||
| 260 |
_aThrissur : _bCurrent Books , _c1965. |
||
| 300 | _a132 ; . | ||
| 365 | _a2.00 | ||
| 504 | _a | ||
| 942 | _cBK | ||
| 999 |
_c6652 _d6652 |
||